000 00586nam a2200181Ia 4500
008 100920s9999 xx 000 0 und d
082 _b59008
_a891.43 थ 88
100 _aसंपा.पण्डित राम.
245 _aरेवड से अलग.
260 _bअभिव्यक्ती पेपर बॅक्स, मुबंई.
_c1988
300 _a79
_bसाधी
365 _b25
520 _aहिंदी.
630 _aरेवड से अलग.
650 _aहिंदी.
730 _aरेवड से अलग.
942 _cBOOK
999 _c702500
_d702497